Statistika v terénních průzkumech /

Hlavní autor: Pecáková, Iva, 1955-
Jazyk: Čeština
Vydáno: [Průhonice] : Professional Publishing, 2018
Vydání: Třetí, přepracované vydání
Témata:
Fyzický popis: 254 stran : ilustrace ; 25 cm
Language note: Anglické resumé
Knihy
Uloženo v:
LEADER 02032nam a2200553 i 4500
001 nkc20183036599
003 CZ PrNK
005 20181128103929.0
007 ta
008 180917s2018 xr a e p 001 0 cze
015 |a cnb003036599 
020 |a 978-80-88260-10-3  |q (brožováno) 
035 |a (OCoLC)1065756549 
040 |a BOA001  |b cze  |e rda 
041 0 |a cze  |b eng 
072 7 |a 311  |x Statistika  |2 Konspekt  |9 4 
072 7 |a 37.016  |x Učební osnovy. Vyučovací předměty. Učebnice  |2 Konspekt  |9 22 
080 |a 311  |2 MRF 
080 |a 311.21  |2 MRF 
080 |a 519.23  |2 MRF 
080 |a 001.891.55  |2 MRF 
080 |a (075.8)  |2 MRF 
100 1 |a Pecáková, Iva,  |d 1955-  |7 jo2003197032  |4 aut 
245 1 0 |a Statistika v terénních průzkumech /  |c Iva Pecáková 
250 |a Třetí, přepracované vydání 
264 1 |a [Průhonice] :  |b Professional Publishing,  |c 2018 
300 |a 254 stran :  |b ilustrace ;  |c 25 cm 
336 |a text  |b txt  |2 rdacontent 
337 |a bez média  |b n  |2 rdamedia 
338 |a svazek  |b nc  |2 rdacarrier 
504 |a Obsahuje bibliografii a rejstřík 
546 |a Anglické resumé 
650 0 7 |a statistika  |7 ph116273  |2 czenas 
650 0 7 |a statistická šetření  |7 ph191042  |2 czenas 
650 0 7 |a statistická analýza  |7 ph126062  |2 czenas 
650 0 7 |a terénní výzkum  |7 ph496683  |2 czenas 
650 0 9 |a statistics  |2 eczenas 
650 0 9 |a statistical inquiries  |2 eczenas 
650 0 9 |a statistical analysis  |2 eczenas 
650 0 9 |a field research  |2 eczenas 
655 7 |a učebnice vysokých škol  |7 fd133772  |2 czenas 
655 9 |a textbooks (higher)  |2 eczenas 
910 2 |a BOA001  |b 2-1414.033 
990 |a BK 
995 |a 01 
991 |b 201809  |c NOV 
996 6 |b 2610754297  |c 2-1414.033  |l MZK  |r Sklad / do 1 hodiny  |n 4  |p p.v.  |w 001685811  |u 000010  |a 1  |e BOA001  |j MZK50  |s P 
996 6 |b 2610763429  |c 2-1414.033  |l MZK  |r STM 6p  |n 0  |p kup  |h 519 PEC  |w 001685811  |u 000020  |a 0  |e BOA001  |j MZK50  |s P 
996 7 |b 2610763430  |c 2-1414.033  |l Vol.výběr  |r VV 0p  |n 8  |p kup  |h 519 PEC  |w 001685811  |u 000030  |a 0  |e BOA001  |j MZK50  |s A